<?xml version="1.0" encoding="UTF-8"?>
<record
    xmlns:xsi="http://www.w3.org/2001/XMLSchema-instance"
    xsi:schemaLocation="http://www.loc.gov/MARC21/slim http://www.loc.gov/standards/marcxml/schema/MARC21slim.xsd"
    xmlns="http://www.loc.gov/MARC21/slim">

  <leader>01831nam a22002897a 4500</leader>
  <controlfield tag="001">1915</controlfield>
  <controlfield tag="003">FISKH</controlfield>
  <controlfield tag="005">20231113142026.0</controlfield>
  <controlfield tag="008">231010b        cb ||||| |||| 00| 0 khr d</controlfield>
  <datafield tag="020" ind1=" " ind2=" ">
    <subfield code="a">9789924340256</subfield>
  </datafield>
  <datafield tag="040" ind1=" " ind2=" ">
    <subfield code="a">FISKH </subfield>
    <subfield code="b">eng</subfield>
    <subfield code="c">FISKH </subfield>
    <subfield code="d">FISKH </subfield>
  </datafield>
  <datafield tag="082" ind1=" " ind2=" ">
    <subfield code="a">636.08</subfield>
  </datafield>
  <datafield tag="100" ind1=" " ind2=" ">
    <subfield code="a">Sovath, Ly </subfield>
  </datafield>
  <datafield tag="245" ind1=" " ind2=" ">
    <subfield code="a">&#x179F;&#x17D2;&#x179C;&#x17C2;&#x1784;&#x1799;&#x179B;&#x17CB;&#x1796;&#x17B8;&#x1787;&#x17C6;&#x1784;&#x17BA;&#x1786;&#x17D2;&#x1780;&#x17C2;&#x1786;&#x17D2;&#x1780;&#x17BD;&#x178F; / </subfield>
    <subfield code="c">&#x1793;&#x17B7;&#x1796;&#x1793;&#x17D2;&#x1792;&#x178A;&#x17C4;&#x1799; &#x179B;&#x17B8; &#x179F;&#x17BB;&#x179C;&#x178F;&#x17D2;&#x1790;&#x17B7; &#x178C;&#x17B8;&#x178C;&#x17B8;&#x1799;&#x17C1; &#x17A0;&#x17D2;&#x179C;&#x17BB;&#x1784;&#x178F;&#x17BA;&#x1793;&#x17B7;&#x1799; (Didier FONTENILLE) </subfield>
  </datafield>
  <datafield tag="260" ind1=" " ind2=" ">
    <subfield code="a">Phnom Penh : </subfield>
    <subfield code="b">Sipar, </subfield>
    <subfield code="c">2017.  </subfield>
  </datafield>
  <datafield tag="300" ind1=" " ind2=" ">
    <subfield code="a">44 pages : </subfield>
    <subfield code="b">map ; color illustrations ; </subfield>
    <subfield code="c">20 cm </subfield>
  </datafield>
  <datafield tag="490" ind1=" " ind2=" ">
    <subfield code="a">&#x1781;&#x17D2;&#x1789;&#x17BB;&#x17C6;&#x1785;&#x1784;&#x17CB;&#x178A;&#x17B9;&#x1784; </subfield>
  </datafield>
  <datafield tag="505" ind1=" " ind2=" ">
    <subfield code="a">Z'
</subfield>
  </datafield>
  <datafield tag="520" ind1=" " ind2=" ">
    <subfield code="a">&#x179F;&#x17D2;&#x179C;&#x17C2;&#x1784;&#x1799;&#x179B;&#x17CB;&#x17A2;&#x17C6;&#x1796;&#x17B8;&#x1787;&#x17C6;&#x1784;&#x17BA;&#x1786;&#x17D2;&#x1780;&#x17C2;&#x1786;&#x17D2;&#x1780;&#x17BD;&#x178F; &#x1796;&#x1793;&#x17D2;&#x1799;&#x179B;&#x17CB;&#x1787;&#x17B6;&#x1791;&#x17BC;&#x1791;&#x17C5;&#x17A2;&#x17C6;&#x1796;&#x17B8;&#x1787;&#x17C6;&#x1784;&#x17BA;&#x1786;&#x17D2;&#x1780;&#x17C2;&#x1786;&#x17D2;&#x1780;&#x17BD;&#x178F; &#x178A;&#x17C2;&#x179B;&#x1798;&#x17B6;&#x1793;&#x1793;&#x17C5;&#x1780;&#x17D2;&#x1793;&#x17BB;&#x1784;&#x1794;&#x17D2;&#x179A;&#x1791;&#x17C1;&#x179F;&#x1780;&#x1798;&#x17D2;&#x1796;&#x17BB;&#x1787;&#x17B6;&#x178F;&#x17B6;&#x17C6;&#x1784;&#x1796;&#x17B8;&#x1799;&#x17BC;&#x179A;&#x1799;&#x17B6;&#x179A;&#x178E;&#x17B6;&#x179F;&#x17CB;&#x1798;&#x1780;&#x17A0;&#x17BE;&#x1799;&#x17D4; &#x179F;&#x17C0;&#x179C;&#x1797;&#x17C5;&#x1793;&#x17C1;&#x17C7;&#x1794;&#x1784;&#x17D2;&#x17A0;&#x17B6;&#x1789;&#x1796;&#x17B8;&#x1791;&#x17B7;&#x178A;&#x17D2;&#x178B;&#x1797;&#x17B6;&#x1796;&#x1791;&#x17BC;&#x1791;&#x17C5;&#x1793;&#x17C3;&#x1787;&#x17C6;&#x1784;&#x17BA;&#x1786;&#x17D2;&#x1780;&#x17C2;&#x1786;&#x17D2;&#x1780;&#x17BD;&#x178F; &#x1787;&#x17C6;&#x1784;&#x17BA;&#x1786;&#x17D2;&#x1780;&#x17C2;&#x1786;&#x17D2;&#x1780;&#x17BD;&#x178F;&#x1793;&#x17C5;&#x1780;&#x1798;&#x17D2;&#x1796;&#x17BB;&#x1787;&#x17B6; &#x17A0;&#x17B6;&#x1793;&#x17B7;&#x1797;&#x17D0;&#x1799; &#x1793;&#x17B7;&#x1784;&#x178A;&#x17C6;&#x178E;&#x17C4;&#x17C7;&#x179F;&#x17D2;&#x179A;&#x17B6;&#x1799;&#x17D4;</subfield>
  </datafield>
  <datafield tag="520" ind1=" " ind2=" ">
    <subfield code="a">Getting to know about Rabies explains generally about Rabies which has existed in Cambodia for long time. This book demonstrates the overview of Rabies, Rabies existence in Cambodia, risk and solution.</subfield>
  </datafield>
  <datafield tag="521" ind1="8" ind2=" ">
    <subfield code="a">1060
</subfield>
    <subfield code="b">Lexile estimate
</subfield>
  </datafield>
  <datafield tag="521" ind1="8" ind2=" ">
    <subfield code="a">Z'
</subfield>
    <subfield code="b">Raz-Plus
</subfield>
  </datafield>
  <datafield tag="650" ind1=" " ind2=" ">
    <subfield code="a">&#x1787;&#x17C6;&#x1784;&#x17BA;&#x1786;&#x17D2;&#x1780;&#x17C2;&#x1786;&#x17D2;&#x1780;&#x17BD;&#x178F; </subfield>
    <subfield code="v">&#x1786;&#x17D2;&#x1780;&#x17C2; </subfield>
    <subfield code="x">&#x1780;&#x17B6;&#x179A;&#x1780;&#x17B6;&#x179A;&#x1796;&#x17B6;&#x179A; </subfield>
  </datafield>
  <datafield tag="650" ind1=" " ind2=" ">
    <subfield code="a">Rabies </subfield>
    <subfield code="v">Dog </subfield>
    <subfield code="x">Protection</subfield>
  </datafield>
  <datafield tag="650" ind1=" " ind2=" ">
    <subfield code="a">&#x179F;&#x17D2;&#x179C;&#x17C2;&#x1784;&#x1799;&#x179B;&#x17CB;&#x1787;&#x17C6;&#x1784;&#x17BA;&#x1786;&#x17D2;&#x1780;&#x17C2;&#x1786;&#x17D2;&#x1780;&#x17BD;&#x178F;</subfield>
  </datafield>
  <datafield tag="942" ind1=" " ind2=" ">
    <subfield code="2">ddc</subfield>
    <subfield code="c">KHB</subfield>
    <subfield code="n">0</subfield>
  </datafield>
  <datafield tag="999" ind1=" " ind2=" ">
    <subfield code="c">1915</subfield>
    <subfield code="d">1915</subfield>
  </datafield>
  <datafield tag="952" ind1=" " ind2=" ">
    <subfield code="0">0</subfield>
    <subfield code="1">0</subfield>
    <subfield code="2">ddc</subfield>
    <subfield code="4">0</subfield>
    <subfield code="7">0</subfield>
    <subfield code="8">KHMERNF</subfield>
    <subfield code="a">001</subfield>
    <subfield code="b">001</subfield>
    <subfield code="c">RHTK2</subfield>
    <subfield code="d">2023-10-10</subfield>
    <subfield code="l">1</subfield>
    <subfield code="o">SOV 636.08 </subfield>
    <subfield code="p">FISTK05684</subfield>
    <subfield code="r">2025-06-19 13:14:19</subfield>
    <subfield code="s">2025-05-21</subfield>
    <subfield code="t">1</subfield>
    <subfield code="w">2023-10-10</subfield>
    <subfield code="y">KHB</subfield>
  </datafield>
  <datafield tag="952" ind1=" " ind2=" ">
    <subfield code="0">0</subfield>
    <subfield code="1">0</subfield>
    <subfield code="2">ddc</subfield>
    <subfield code="4">0</subfield>
    <subfield code="7">0</subfield>
    <subfield code="8">KHMERNF</subfield>
    <subfield code="a">001</subfield>
    <subfield code="b">001</subfield>
    <subfield code="c">OKHR</subfield>
    <subfield code="d">2023-10-10</subfield>
    <subfield code="l">3</subfield>
    <subfield code="o">SOV 636.08 </subfield>
    <subfield code="p">FISTK05685</subfield>
    <subfield code="r">2026-01-05 11:08:46</subfield>
    <subfield code="s">2025-11-10</subfield>
    <subfield code="t">2</subfield>
    <subfield code="w">2023-10-10</subfield>
    <subfield code="y">KHB</subfield>
  </datafield>
  <datafield tag="952" ind1=" " ind2=" ">
    <subfield code="0">0</subfield>
    <subfield code="1">0</subfield>
    <subfield code="2">ddc</subfield>
    <subfield code="4">0</subfield>
    <subfield code="7">0</subfield>
    <subfield code="8">KHMERNF</subfield>
    <subfield code="a">001</subfield>
    <subfield code="b">001</subfield>
    <subfield code="c">OKHR</subfield>
    <subfield code="d">2023-10-10</subfield>
    <subfield code="l">0</subfield>
    <subfield code="o">SOV 636.08 </subfield>
    <subfield code="p">FISTK05651</subfield>
    <subfield code="r">2024-03-07 14:05:07</subfield>
    <subfield code="t">3</subfield>
    <subfield code="w">2023-10-10</subfield>
    <subfield code="y">KHB</subfield>
  </datafield>
</record>
